Využitie facilitácie pri riešení konfliktov
Príspevok sa zameriava na dôležitosť facilitácie ako nástroja na podporu efektívnej komunikácie a riešenia konfliktov v školskom prostredí. Poukazuje na to, že tieto prístupy pomáhajú vytvárať prostredie podporujúce otvorený a rešpektujúci dialóg a zvyšujú zapojenie všetkých zúčastnených strán. Zdôr...
Gespeichert in:
| 1. Verfasser: | |
|---|---|
| Format: | Buchkapitel |
| Sprache: | Slowakisch |
| Schlagworte: | |
| Tags: |
Keine Tags, Fügen Sie das erste Tag hinzu!
|
MARC
| LEADER | 00000naa a2200000 4500 | ||
|---|---|---|---|
| 001 | 0307363 | ||
| 005 | 20250227144206.9 | ||
| 041 | 0 | |a slo | |
| 044 | |a SK | ||
| 245 | 1 | 0 | |a Využitie facilitácie pri riešení konfliktov |c Bronislava Švehláková |
| 520 | |a Príspevok sa zameriava na dôležitosť facilitácie ako nástroja na podporu efektívnej komunikácie a riešenia konfliktov v školskom prostredí. Poukazuje na to, že tieto prístupy pomáhajú vytvárať prostredie podporujúce otvorený a rešpektujúci dialóg a zvyšujú zapojenie všetkých zúčastnených strán. Zdôrazňuje, že prostredníctvom facilitácie sa rozvíjajú dôležité zručnosti v oblasti komunikácie a riešenia konfliktov, ktoré majú veľký význam pre osobný aj profesijný rozvoj mladých ľudí v školskom prostredí. | ||
| 610 | 2 | 0 | |a psychológia |
| 610 | 2 | 0 | |a školy |
| 610 | 2 | 0 | |a facilitácia |
| 610 | 2 | 0 | |a mediácia |
| 610 | 2 | 0 | |a konflikty |
| 610 | 2 | 0 | |a komunikácia |
| 100 | 1 | |a Švehláková, Bronislava | |